000 00660nam a2200145 a 4500
008 071203s1994 ||||||||||||||||| || u
050 _aTHESIS/STUDENT
100 _aMuludyang, L. L
245 1 0 _aInformation technology and the construction industry: a study on the............
260 _aKitwe
_bCopperbelt University, School of Built Environment, Department of Building Science
_c1994
350 _a0.00
650 _aINFORMATION TECHNOLOGY--CONSTRUCTION INDUSTRY--ZAMBIA
650 _aLAND
995 _D0.00
_FCBU-MAIN LIBRARY (Kitwe)
_H1
_I0.00
_M1
_UAVAILABLE
_WDec 3, 2007
_ZUniversity Collection
999 _c46931
_d46931